000 00754nam a2200253 i 4500
001 72295
003 ES-MaACL
005 20240521134254.0
007 t|
008 040830s1981 sp ||||1|acat d
020 _a84-297-1655-6
080 _a929 Gimferrer, Pere
080 _a849.9-94"19"
100 0 _aGimferrer, Pere,
_d1945-
_957102
245 1 0 _aDietari, 1979-1980 /
_cPere Gimferrer ; próleg de J.M. Castellet.
250 _a1ª ed.
260 _a[Barcelona] :
_bEdicions 62,
_c1981.
300 _a305 p. ;
_c22 cm.
490 1 _aBiografies i memòries ;
_v6
700 1 _aCastellet, J. M.,
_d1926-2014
_9156498
830 0 _aBiografies i memòries ;
_v6
_9231108
852 _aES-MaACL
_jL-1052
999 _c72295
_d72295